Loading...
Anuragathinte athmabali /
| Main Author: | |
|---|---|
| Format: | Printed Book |
| Language: | Malayalam |
| Published: |
Calicut :
Poorna Publications ,
1989.
|
| Subjects: |
| LEADER | 00491nam a2200145Ia 4500 | ||
|---|---|---|---|
| 008 | 150624b xxu||||| |||| 00| f mal d | ||
| 999 | |c 82182 |d 82182 | ||
| 082 | |a 853.D7 | ||
| 100 | |a Damodaran Nair, K. N. | ||
| 245 | |c K. N. Damodaran Nair |a Anuragathinte athmabali / | ||
| 260 | |a Calicut : |b Poorna Publications , |c 1989. | ||
| 546 | |a In Malayalam. | ||
| 650 | |v Fiction | ||
| 942 | |c BK | ||
| 952 | |0 0 |1 0 |4 0 |6 853_000000000000000_D7_ANU_M |7 0 |9 82126 |a UL |b UL |c ST2 |d 1998-09-15 |l 0 |o 853.D7 ANU M |p 61859 |r 2012-10-27 |y BK | ||